01292 a2200265 4500003000500000005001700005010001700022020001500039035002200054040000900076082001400085100002400099245005400123250001200177260005400189300002100243505042300264650004800687650004500735650002300780651005800803942002300861999001900884952012300903NUST20221208180807.0 a 2003344361 a9694163137 a(DLC) 2003344361 cNust a297.4,IQB1 aIqbal, Javid,9461910aIslam and Pakistan's identity /cDr. Javid Iqbal. a1st ed. aLahore :bIqbal Academy :bVanguard Books,c2003. a391 p. ;c23 cm. aThe Concepts Of Nationality And State In Islam – A Reassessment (Page-5), Fate Of Muslim Power – State In India (Page-65), The Revival Of Militant “Wahabi” Islam (Page-115), Interaction Of Muslim India With The West (Page-153), The Enigmatic Khilafat Movement (Page-199), Inter-Communal Problem In India (Page-243), Dream Of New Social And Political Horizons (Page-273), Emergence Of A Muslim State (Page-321). 0aIslam and politicszIndiaxHistory.9104506 0aMuslimsxPolitical activityzIndia.9376 0aPakistan movement. 0aIndiaxPolitics and governmenty20th century.9104507 2ddccBKk297.4,IQB c183244d183244 00102ddc4070aMCSbMCScGENd2016-12-12o297.4,IQBpMCS30692r2016-12-08w2016-12-12yBKzAlmirah No.47, Shelf No.4